Saturday Night Live Hosts: Five-Timers Club - Statistics

General Stats
  • This quiz has been taken 95 times
    15 since last reset
  • The average score is 7 of 27
Answer Stats
# Host % Correct
16 Steve Martin
83%
17 Alec Baldwin
67%
5 Martin Short
67%
6 Tina Fey
58%
5 Jack Black
42%
6 Melissa McCarthy
42%
5 Bill Murray
33%
8 Chevy Chase
33%
5 Kristen Wiig
33%
10 Tom Hanks
33%
5 Dwayne Johnson
25%
5 Emma Stone
25%
6 John Mulaney
25%
7 Scarlett Johansson
25%
5 Will Ferrell
25%
6 Drew Barrymore
17%
5 Paul Rudd
17%
10 Buck Henry
8%
7 Christopher Walken
8%
6 Elliot Gould
8%
13 John Goodman
8%
5 Jonah Hill
8%
5 Ben Affleck
0%
5 Candice Bergen
0%
6 Danny DeVito
0%
5 Justin Timberlake
0%
5 Woody Harrelson
0%
No matching quizzes found
Score Distribution
Percent of People with Each Score
Percentile by Number Answered
Your Score History
You have not taken this quiz since the last reset